Florida Cities A-Z - Statistics

General Stats
  • This quiz has been taken 133 times
    79 since last reset
  • The average score is 11 of 24
Answer Stats
Population Municipality or CDP % Correct
M 442,241 Miami
98%
J 949,611 Jacksonville
97%
O 307,573 Orlando
97%
T 384,959 Tampa
91%
F 182,760 Fort Lauderdale
80%
S 258,308 St. Petersburg
80%
H 223,109 Hialeah
75%
G 141,085 Gainesville
73%
W 117,415 West Palm Beach
66%
C 194,016 Cape Coral
64%
P 204,851 Port St. Lucie
56%
D 105,691 Davie
38%
Z 17,194 Zephyrhills
33%
B 114,626 Brandon
27%
N 74,793 North Port
20%
E 36,939 Estero
14%
L 114,287 Lehigh Acres
9%
A 92,452 Alafaya
8%
K 80,241 Kendall
8%
R 107,396 Riverview
6%
U 50,893 University
6%
V 37,895 Valrico
6%
Y 14,195 Yulee
5%
I 25,005 Ives Estates
2%
No matching quizzes found
Score Distribution
Percent of People with Each Score
Percentile by Number Answered
Your Score History
You have not taken this quiz since the last reset